Datum a čas kvízu
11.5
Celkem bodů
Celkový počet nahraných bodů na tomto kvízu bez doplňovacích otázek.
5.
Pořadí na kvízu
Konečné umístění týmu na tomto kvízu.
Zaznamenané odpovědi
| # | Otázka | Odpověď | Body | Výsledky |
|---|---|---|---|---|
| 1. | První místopředseda ČSSD ve st... | 0 | ||
| 2. | Náčelník policie jisté evropsk... | 0 | ||
| 3. | Hudební festival Colours of Os... | 1 | ||
| 6. | Prezident Miloš Zeman se v pon... | 0 | ||
| 5. | V minulých dnech bylo oznámeno... | 0 | ||
| 6. | V tomto tématu se budeme pohyb... | 0 | ||
| 7. | Pokud bychom vyrazili z Los An... | 0 | ||
| 8. | Pokud bychom se z Mikulova poh... | 0 | ||
| 9. | Ze kterého evropského státu mu... | 0 | ||
| 10. | Pokud se z Jihlavy budeme pohy... | 1 |